| 000 | 00561nam a22001937a 4500 | ||
|---|---|---|---|
| 003 | OSt | ||
| 008 | 260505b |||||||| |||| 00| 0 eng d | ||
| 082 |
_a633.3 _bS48S |
||
| 100 | _aSingh, Jitendra Kumar. | ||
| 245 |
_aStudies on Planting Pattern and Fertility Management in Yambean + Arhar Intercropping System / _cby Jitendra Kumar Singh |
||
| 260 |
_a.- Pusa, Samastipur _b: RAU _c, 2004 |
||
| 300 | _a137p. | ||
| 502 |
_bPh. D. _d2004 |
||
| 650 | _aAgronomy | ||
| 650 | _aIntercropping System | ||
| 650 | _aThesis | ||
| 650 | _aPh. D. | ||
| 942 |
_2ddc _cT |
||
| 999 |
_c50426 _d50426 |
||